গ্রন্থাগার বিজ্ঞান পরিচিতি / (Record no. 8409)
[ view plain ]
| 000 -LEADER | |
|---|---|
| fixed length control field | 00902nam a22002057a 4500 |
| 001 - CONTROL NUMBER | |
| control field | BD-DhSAU 8409 |
| 003 - CONTROL NUMBER IDENTIFIER | |
| control field | BD-DhSAU |
| 005 - DATE AND TIME OF LATEST TRANSACTION | |
| control field | 20150612105811.0 |
| 008 - FIXED-LENGTH DATA ELEMENTS--GENERAL INFORMATION | |
| fixed length control field | 150612b1986 ii a||||r|||| 001 0 eng d |
| 040 ## - CATALOGING SOURCE | |
| Original cataloging agency | BD-DhSAU |
| 082 ## - DEWEY DECIMAL CLASSIFICATION NUMBER | |
| Edition number | 22 |
| Classification number | --- |
| Item number | মহাগ্র |
| 100 ## - MAIN ENTRY--PERSONAL NAME | |
| Personal name | মহাপাত্র, পীযূষকান্তি |
| 245 ## - TITLE STATEMENT | |
| Title | গ্রন্থাগার বিজ্ঞান পরিচিতি / |
| Statement of responsibility, etc. | পীযূষকান্তি মহাপাত্র এবং ভুবনেশ্বর চক্রবর্তী |
| 260 ## - PUBLICATION, DISTRIBUTION, ETC. (IMPRINT) | |
| Place of publication, distribution, etc. | কলিকাতা : |
| Name of publisher, distributor, etc. | দি ওয়ার্ল্ড প্রেস, |
| Date of publication, distribution, etc. | ১৯৮৬. |
| 300 ## - PHYSICAL DESCRIPTION | |
| Extent | xvii, ২৩২ প. : |
| Dimensions | ২২ সেমি |
| 590 ## - Name of Cataloguer | |
| Name of Cataloger | joy |
| 650 ## - SUBJECT ADDED ENTRY--TOPICAL TERM | |
| Topical term or geographic name as entry element | গ্রন্থাগার বিজ্ঞান |
| 700 ## - ADDED ENTRY--PERSONAL NAME | |
| Personal name | চক্রবর্তী, ভুবনেশ্বর |
| 942 ## - ADDED ENTRY ELEMENTS (KOHA) | |
| Source of classification or shelving scheme | Dewey Decimal Classification |
| Koha item type | Book |
| Withdrawn status | Lost status | Source of classification or shelving scheme | Damaged status | Not for loan | Collection code | Home library | Branch Name | Shelving location | Date acquired | Total Checkouts | Full call number | Barcode | Date last seen | Price effective from | Koha item type |
|---|---|---|---|---|---|---|---|---|---|---|---|---|---|---|---|
| Dewey Decimal Classification | Not For Loan | Reference | SAU Library | SAU Library | Reference | 12/06/2015 | --- মহাগ্র | 15521 | 12/06/2015 | 12/06/2015 | Book |
